MARC

LEADER 00000nam0a2200000 4500
001 75624
005 20240210123142.0
010 |a 5890704095 
035 |a (RuTPU)RU\TPU\book\80666 
090 |a 75624 
100 |a 20050330d2004 m y0rusy50 ca 
101 0 |a rus 
102 |a RU 
105 |a a j 001zy 
200 1 |a Расчеты по технологии органических веществ  |e учебное пособие  |f Ю. Н. Тюрин  |g Кузбасский государственный технический университет 
210 |a Кемерово  |c Изд-во КузГТУ  |d 2004 
215 |a 232 с.  |c ил. 
320 |a Библиогр.: с. 231-232. 
606 1 |a Органические вещества  |x Производство  |2 stltpush  |3 (RuTPU)RU\TPU\subj\32379  |9 54949 
610 1 |a химическая технология 
610 1 |a расчеты 
610 1 |a термодинамические расчеты 
610 1 |a кинетические расчеты 
610 1 |a материальные расчеты 
610 1 |a тепловые расчеты 
610 1 |a учебные пособия 
675 |a 661.7(075.8)  |v 3 
700 1 |a Тюрин  |b Ю. Н.  |g Юрий Николаевич 
712 0 2 |a Кузбасский государственный технический университет 
801 1 |a RU  |b 63413507  |c 20050330  |g PSBO 
801 2 |a RU  |b 63413507  |c 20201021  |g PSBO 
942 |c BK